Logo BPK

Biblioteka

Politechniki Koszalińskiej

Telemetria : (Rekord nr 41133)

Szczegóły MARC
000 -ETYKIETA REKORDU
podpole kontrolne o stałej długości 00744nam a2200217 i 4500
001 - NUMER KONTROLNY REKORDU
pole kontrolne bg
020 ## - MIĘDZYNARODOWY ZNORMALIZOWANY NUMER KSIĄŻKI - ISBN
ISBN 8388302027
040 ## - ŹRÓDŁO KATALOGOWANIA
Instytucja, która utworzyła rekord BPK
041 0# - KOD JĘZYKA
Kod języka tekstu pl
080 ## - UNIWERSALNA KLASYFIKACJA DZIESIĘTNA - UKD
UKD 303.4/.8:659.3:7.097:316.7](438)"1989/..."
920 ## - Międzynarodowy znormalizowany numer książki – ISBN
ISBN 83-88302-02-7
008 - POLE O STAŁEJ DŁUGOŚCI - DANE KONTROLNE
podpole kontrolne o stałej długości s pl f |000 0 pol
100 1# - NAZWA OSOBOWA
Nazwa osobowa SIESICKI, Wojciech
245 10 - TYTUŁ/ODPOWIEDZIALNOŚĆ
Tytuł Telemetria :
Ciąg dalszy tytułu jak czytać, rozumieć i interpretować wyniki badań widowni telewizyjnej /
Pozostałe elementy strefy tytułu i oznaczenia odpowiedzialności Wojciech Siesicki.
260 ## - STREFA ADRESU WYDAWNICZEGO
Miejsce wydania Warszawa :
Nazwa wydawcy/dystrybutora TVP Ośrodek Szkolenia - Akademia Telewizyjna,
Data publikacji, dystrybucji/powstania dokumentu 2000.
300 ## - STREFA OPISU FIZYCZNEGO
Objętość 61 s. :
Inne cechy fizyczne rys. ;
Rozmiary 20 cm.
650 #9 - HASŁO PRZEDMIOTOWE W FORMIE NAZWY OGÓLNEJ LUB JEDNOSTKOWEJ
Nazwa ogólna lub geograficzna Programy telewizyjne
Określnik ogólny socjologia
-- badanie
Określnik geograficzny Polska
Określnik chronologiczny od 1989 r.
650 #9 - HASŁO PRZEDMIOTOWE W FORMIE NAZWY OGÓLNEJ LUB JEDNOSTKOWEJ
Nazwa ogólna lub geograficzna Telewizja
Określnik ogólny socjologia
Określnik geograficzny Polska
Określnik chronologiczny od 1989 r.
650 #9 - HASŁO PRZEDMIOTOWE W FORMIE NAZWY OGÓLNEJ LUB JEDNOSTKOWEJ
Nazwa ogólna lub geograficzna Telemetria
856 ## - LOKALIZACJA I DOSTĘP DO ELEKTRONICZNYCH DOKUMENTÓW ZDALNYCH
Link (URL) http://koha.tu.koszalin.pl/cgi-bin/koha/opac-detail.pl?biblionumber=41133
Tekst linku Katalog online BPK
942 ## - DODATKOWE ELEMENTY (KOHA)
Typ dokumentu Książka
Egzemplarze
Wycofany Status egzemplarza Uszkodzony Dostępność Lokalizacja stała Lokalizacja bieżąca Miejsce przechowywania Sygnatura Kod kreskowy Dział Typ dokumentu
      Tylko na miejscu Biblioteka Politechniki Koszalińskiej Biblioteka Politechniki Koszalińskiej Czytelnia Wydziałowa ul. Kwiatkowskiego 6e 63522 01750003 303 Metodologia nauk społecznych Książka
      Dostępny Biblioteka Politechniki Koszalińskiej Biblioteka Politechniki Koszalińskiej Wypożyczalnia BG 63523 01749991   Książka
© 2023 Biblioteka Politechniki Koszalińskiej :: KOHA